书目信息 |
| 题名: |
中国自然地理
|
|
| 作者: | ;中国科学院中国自然地理编辑委员会 编 | |
| 分册: | ||
| 出版信息: | 北京 科学出版社 1981 |
|
| 页数: | 96页 | |
| 开本: | 26cm | |
| 丛书名: | ||
| 单 册: | ||
| 中图分类: | TV211.1 , P641 | |
| 科图分类: | ||
| 主题词: | 自然地理--中国 , 地下水资源--中国 , 水文地质 , 工程地质 | |
| 电子资源: | ||
| ISBN: | ||
| 000 | 00828nam0 2200277 45 | |
| 001 | 0181010849 | |
| 005 | 20061122100543.75 | |
| 010 | @dCNY3.00 | |
| 091 | @aCN@b13031.1664 | |
| 100 | @a19960215d1981 em y0chiy0121 ea | |
| 101 | 0 | @achi |
| 102 | @aCN@b110000 | |
| 105 | @af z 000yy | |
| 200 | 10 | @a中国自然地理@Azhong guo zi ran di li@e地下水@f中国科学院《中国自然地理》编辑委员会编 |
| 210 | @a北京@c科学出版社@d1981 | |
| 215 | @a96页@e附图1袋@d26cm | |
| 517 | 1 | @a地下水@Adi xia shui |
| 606 | @a自然地理@y中国 | |
| 606 | @a地下水资源@y中国 | |
| 606 | 0 | @a水文地质 |
| 606 | 0 | @a工程地质 |
| 690 | @aTV211.1@v3 | |
| 690 | @aP641@v3 | |
| 711 | 02 | @a中国科学院中国自然地理编辑委员会@Azhong guo ke xue yuan zhong guo zi ran di li bian ji wei yuan hui@4编 |
| 801 | 0 | @aCN@bTSSF@c20061122 |
| 905 | @a10447@dP641@e20 | |
| 中国自然地理:地下水/中国科学院《中国自然地理》编辑委员会编.-北京:科学出版社,1981 |
| 96页+附图1袋;26cm |
| ISBN :CNY3.00 |
| ● |
| 相关链接 |
|
|
|
|
正题名:中国自然地理
索取号:P641/20
 
预约/预借
| 序号 | 登录号 | 条形码 | 馆藏地/架位号 | 状态 | 备注 |
| 1 | 0245202 | 202108432 | 第二样本阅览室/ [索取号:P641/20] | 在馆 |